Spanish Past Tense Irregulars - Statistics

General Stats
  • This quiz has been taken 87 times
  • The average score is 56 of 95
Answer Stats
Querer (Want) % Correct
Dar (Give) Di
86%
Ver (See) Vi
81%
Yo Quise
77%
Diste
74%
Poder (Can) Pude
74%
Nosotros Quisimos
74%
Tu Quisiste
74%
Usted Quiso
74%
Viste
74%
Pudo
72%
Dimos
70%
Hacer (Do) Hice
70%
Vio
70%
Dieron
68%
Dio
68%
Estar (Be) Estuve
68%
Ser/Ir (Be/Go) Fui
68%
Hicimos
68%
Hiciste
68%
Hizo
68%
Pudimos
68%
Pudiste
68%
Tener (Have) Tuve
68%
Vimos
68%
Fue
67%
Pudieron
67%
Ustedes Quisieron
67%
Tuvo
67%
Vieron
67%
Fuimos
65%
Hicieron
65%
Tuvimos
65%
Decir (Say) Dije
63%
Estuvieron
63%
Estuvimos
63%
Estuviste
63%
Estuvo
63%
Fueron
63%
Fuiste
63%
Poner (Put) Puse
63%
Puso
63%
Tuvieron
63%
Tuviste
63%
Dijo
61%
Dijeron
58%
Dijimos
58%
Dijiste
58%
Pusieron
58%
Pusimos
58%
Pusiste
58%
Saber (Know) Supe
58%
Supo
58%
Traer (Bring) Traje
58%
Supieron
56%
Supimos
56%
Supiste
56%
Traducir (Translate) Traduje
56%
Trajimos
56%
Trajiste
56%
Trajo
56%
Tradujimos
54%
Tradujo
54%
Trajeron
54%
Venir (Come) Vine
54%
Producir (Produce) Produje
53%
Tradujeron
53%
Tradujiste
53%
Conducir (Drive) Conduje
51%
Vinieron
51%
Vinimos
51%
Viniste
51%
Vino
51%
Condujeron
49%
Condujimos
49%
Condujiste
49%
Condujo
49%
Introducir (Introduce) Introduje
49%
Introdujiste
47%
Introdujo
47%
Produjeron
47%
Produjimos
47%
Produjiste
47%
Produjo
47%
Introdujimos
46%
Andar (Move/Ride) Anduve
44%
Introdujeron
44%
Anduvieron
42%
Anduvimos
42%
Anduviste
42%
Anduvo
42%
Haber (Have Happened) Hube
40%
Hubieron
39%
Hubimos
39%
Hubiste
39%
Hubo
39%
No matching quizzes found
Score Distribution
Percent of People with Each Score
Percentile by Number Answered
Your Score History
You have not taken this quiz